Statistiques concernant Pays Mal-Dessinés #1

Cliquez ici pour prendre le quiz!

Statistiques générales

  • Ce quiz a été pris 698 fois
  • Le résultat moyen est 5 sur 8

Réponses sur la Carte

Les réponses sont colorées sur une échelle allant du rouge au vert en fonction du pourcentage des utilisateurs qui les ont devinées à leur premier essai. Vous pouvez retrouver ces pourcentages ci-dessous.
 

Statistiques - réponses

Pays% Correct
Russie
92%
Australie
87%
Chine
85%
Mexique
79%
Norvège
69%
France
52%
Tchad
44%
République démocratique du Congo
31%

Distribution des résultats

Percentile par nombre de réponses

% des personnes avec chaque résultat

Votre développement - résultats

Vous n’avez pas pris ce quiz